| 000 | 00727nam a22002177a 4500 | ||
|---|---|---|---|
| 999 |
_c20270 _d20270 |
||
| 003 | AR-CdUCM | ||
| 008 | 190528b ||||| |||| 00| 0 spa d | ||
| 040 |
_aMUNICIPALIDAD PROVINCIAL DEL CUSCO _cBIBLIOTECA MUNICIPAL DEL CUSCO |
||
| 082 |
_a985.009 / _bOV93 |
||
| 100 |
_aOviedo, José Miguel _9271 |
||
| 110 |
_aBiblioteca Visión Peruana _911515 |
||
| 245 |
_aCesar Vallejo : _bLos que hicieron el Perú / |
||
| 260 |
_aLima : _bMonterrico, |
||
| 300 |
_a64 páginas ; _c21 cm. |
||
| 505 | _aContenido: Infancia y juventud en Trujillo -- Año 1915... | ||
| 650 |
_aVallejo _912219 |
||
| 650 |
_aCritica de Vallejo _942361 |
||
| 700 |
_aCampos Rodríguez, César (editor) _942362 |
||
| 942 |
_2ddc _cLIBROS |
||
| 945 | _aAndy | ||